Lịch sử văn hoá Việt Nam truyền thống giản yếu

Guardat en:
Dades bibliogràfiques
Autor principal: Nguyễn Thừa Hỷ, PGS.PTS
Format: Llibre
Publicat: Đại học Quốc gia Hà Nội 1999
Etiquetes: Afegir etiqueta
Sense etiquetes, Sigues el primer a etiquetar aquest registre!
Thư viện lưu trữ: Mạng thư viện Đại học Đà Nẵng
LEADER 00615nam a2200229 a 4500
001 000029090
003 6103
005 20171030145630.0
008 171030s1999
020 |c 11000 
040 |a LTT 
082 0 |a 306.09  |b NG-H 
100 1 |a Nguyễn Thừa Hỷ, PGS.PTS 
245 0 0 |a Lịch sử văn hoá Việt Nam truyền thống giản yếu  |c Nguyễn Thừa Hỷ. 
260 |b Đại học Quốc gia Hà Nội  |c 1999 
OWN |a LTT 
999 |a From the UDN01 
TYP |a Monograph 
TYP |a Printed language 
980 |a Mạng thư viện Đại học Đà Nẵng